Loading...
| Philosophy | 0 | 3 | 0 | 0 | 30 | 63 | 72.00 | 0 | 2 |
| Literature - World Literature | 0 | 3 | 0 | 1 | 30 | 128 | 131.33 | 0 | 2 |
| Social Science | 0 | 3 | 0 | 1 | 30 | 71 | 96.67 | 2 | 3 |
| Science - Chemistry | 2 | 0 | 0 | 0 | 30 | 41 | 48.00 | 1 | 2 |
| Fine Arts - Other Fine Arts | 1 | 1 | 0 | 0 | 25 | 36 | 65.50 | 1 | 2 |
| Religion | 1 | 1 | 0 | 0 | 25 | 57 | 84.00 | 0 | 1 |
| Literature - American Literature | 0 | 3 | 1 | 0 | 25 | 112 | 134.00 | 0 | 1 |
| Fine Arts - Auditory Fine Arts | 0 | 2 | 0 | 0 | 20 | 99 | 115.50 | 0 | 1 |
| History - Other History | 0 | 2 | 0 | 0 | 20 | 83 | 87.50 | 1 | 2 |
| Science - Other Science | 0 | 2 | 0 | 1 | 20 | 100 | 114.00 | 0 | 1 |
| Science - Physics | 0 | 2 | 1 | 0 | 15 | 71 | 81.00 | 1 | 2 |
| History - World History | 0 | 1 | 0 | 0 | 10 | 76 | 76.00 | 0 | 1 |
| Geography | 0 | 1 | 0 | 0 | 10 | 84 | 84.00 | 0 | 1 |
| Literature - European Literature | 0 | 1 | 0 | 0 | 10 | 129 | 129.00 | 0 | 1 |
| Fine Arts - Visual Fine Arts | 0 | 1 | 1 | 0 | 5 | 92 | 92.00 | 0 | 0 |